Los EE.UU. y América Latina /
Guardat en:
| Autor principal: | |
|---|---|
| Altres autors: | |
| Format: | Text |
| Publicat: |
México, D.F:
Grijalbo
|
| Etiquetes: |
Afegir etiqueta
Sense etiquetes, Sigues el primer a etiquetar aquest registre!
|
MARC
| LEADER | 00000 a a2200000 04500 | ||
|---|---|---|---|
| 001 | 25757 | ||
| 003 | |||
| 040 | |||
| 090 | |a 173800 | ||
| 100 | |a Matthews, H.L. | ||
| 245 | |a Los EE.UU. y América Latina / |c H.L. Matthews | ||
| 260 | |a México, D.F: |b Grijalbo | ||
| 300 | |a 159 p | ||
| 700 | |a Silvert, K.H. | ||
| 999 | |c 17412 |d 17412 | ||
